Law of Torts with CPA & MVA (Record no. 20068)
[ view plain ]
| 000 -LEADER | |
|---|---|
| fixed length control field | 00376nam a22001577a 4500 |
| 008 - FIXED-LENGTH DATA ELEMENTS--GENERAL INFORMATION | |
| fixed length control field | 230525b |||||||| |||| 00| 0 eng d |
| 020 ## - INTERNATIONAL STANDARD BOOK NUMBER | |
| ISBN | 9789388267373 |
| 100 ## - MAIN ENTRY--AUTHOR NAME | |
| Personal name | J. N. Pandey |
| 245 ## - TITLE STATEMENT | |
| Title | Law of Torts with CPA & MVA |
| 250 ## - EDITION STATEMENT | |
| Edition statement | 10th Ed. |
| 260 ## - PUBLICATION, DISTRIBUTION, ETC. (IMPRINT) | |
| Place of publication | Prayagraj |
| Name of publisher | CLP Pub. |
| Year of publication | 2023 |
| 300 ## - PHYSICAL DESCRIPTION | |
| Number of Pages | 564 |
| 546 ## - LANGUAGE NOTE | |
| Language note | English |
| 942 ## - ADDED ENTRY ELEMENTS (KOHA) | |
| Source of classification or shelving scheme | Dewey Decimal Classification |
| Koha item type | Books |
| Accession Number | Cost, normal purchase price | Bill Date | Source of acquisition | Price effective from | Koha item type | Withdrawn / writtenoff status | Damaged status | Not for loan | Permanent Location | Current Location | Shelving location | Date acquired | Lost/ Missing status | department |
|---|---|---|---|---|---|---|---|---|---|---|---|---|---|---|
| LLB 741 | 430.00 | 16-5-2023 | Radha Krishna Anand & Co, Jammu | 05/25/2023 | Books | Not For Loan | MIET Library, Jammu | MIET Library, Jammu | 181/1 | 05/18/2023 | BBA LLB | |||
| LLB 742 | 430.00 | 16-5-2023 | Radha Krishna Anand & Co, Jammu | 05/25/2023 | Books | MIET Library, Jammu | MIET Library, Jammu | 204/3 | 05/18/2023 | BBA LLB | ||||
| LLB 743 | 430.00 | 16-5-2023 | Radha Krishna Anand & Co, Jammu | 05/25/2023 | Books | MIET Library, Jammu | MIET Library, Jammu | 204/3 | 05/18/2023 | BBA LLB | ||||
| LLB 744 | 430.00 | 16-5-2023 | Radha Krishna Anand & Co, Jammu | 05/25/2023 | Books | MIET Library, Jammu | MIET Library, Jammu | 203/3 | 05/18/2023 | BBA LLB | ||||
| LLB 745 | 430.00 | 16-5-2023 | Radha Krishna Anand & Co, Jammu | 05/25/2023 | Books | MIET Library, Jammu | MIET Library, Jammu | 204/3 | 05/18/2023 | BBA LLB |